| 000 | 00804nam a2200229Ia 4500 | ||
|---|---|---|---|
| 003 | GCL | ||
| 008 | 140319s9999 xx 000 0 ara d | ||
| 040 |
_aGCL / _cGCL |
||
| 082 | 0 | 4 |
_a301.35 _bم م |
| 100 | 1 | _aالسيد الحسينى | |
| 245 | 1 | 0 |
_aمجتمع القرية فى الدول النامية: اتجاهات نظرية وبحوث واقعية / _cالسيد الحسينى |
| 700 | 1 | _aمحمود عودة | |
| 300 | _a341 ص | ||
| 490 |
_aالهيئة العامة للاستعلامات _v0 |
||
| 650 | 0 | 4 | _aالتنمية الريفية |
| 650 | 0 | 4 | _aالقرى |
| 650 | 0 | 4 | _aالبناء الاجتماعى |
| 650 | 0 | 4 | _aالاجتماع الريفى، علم |
| 650 | 0 | 4 | _aالاجتماع الحضرى، علم |
| 650 | 0 | 4 | _aالاحوال القروية |
| 942 |
_2ddc _cBK |
||
| 999 |
_c49218 _d49218 |
||